Phytoremediation : transformation and control of contaminants
Saved in:
| Other Authors: | , |
|---|---|
| Format: | Book |
| Language: | English |
| Published: |
Hoboken, N.J. :
Wiley-Interscience,
c2003
|
| Series: | Environmental science and technology
|
| Subjects: | |
| Tags: |
Add Tag
No Tags, Be the first to tag this record!
|
MARC
| LEADER | 00000nam a2200000 i 4500 | ||
|---|---|---|---|
| 001 | 1/75334 | ||
| 008 | 050414s2003 eng d | ||
| 020 | |a 0-471-39435-1 | ||
| 035 | |l 10077676 | ||
| 040 | |a GR-MY-UA |b gre |e aacr | ||
| 041 | 0 | |a eng | |
| 082 | 0 | |a 628.5 |2 (21) | |
| 245 | 1 | 0 | |a Phytoremediation : |b transformation and control of contaminants / |c edited by Steven C. McCutheon, Jerald L. Schnoor |
| 260 | |a Hoboken, N.J. : |b Wiley-Interscience, |c c2003 | ||
| 300 | |a xxviii, 987 σ.; |b εικ.; |c 25 εικ. | ||
| 490 | 1 | |a Environmental science and technology | |
| 504 | |a Περιέχει βιβλιογραφία και ευρετήριο | ||
| 650 | 0 | 0 | |a Phytoremediation. |
| 700 | 1 | |a McCutcheon, Steve C. |4 edt | |
| 700 | 1 | |a Schnoor, Jerald L. |4 edt | |
| 830 | 0 | |a Environmental science and technology | |
| 852 | |a INST |b LESVOS |e 20050414 |h 628.5 PHY |p 005100027857 |q 005100027857 |t BK |y 0 | ||
| 901 | |a BIBL1-2005-1 | ||
| 909 | |a Λ |b 116698 | ||
| 922 | |a 1ΕΛΗ |b 200411 |c ΕΠΕΑΕΚ2/ΤΠ |d ΜΙΧΑΛΟΠΟΥΛΟΣ | ||
| 950 | |a 107-2004-10-18 | ||
| 970 | |a ΚΑΡΑ |b ΓΙΑΣΕΜΗ |z 2005/04/19 | ||